书目信息 |
| 题名: |
策兰传
|
|
| 作者: | 埃梅里希 著 ;梁晶晶 译 | |
| 分册: | ||
| 出版信息: | 南京 南京大学出版社 2022.01 |
|
| 页数: | 248页 | |
| 开本: | 21cm | |
| 丛书名: | ||
| 单 册: | ||
| 中图分类: | K835.165.6 | |
| 科图分类: | ||
| 主题词: | 诗人--shi ren--传记--德国--现代 | |
| 电子资源: | ||
| ISBN: | 978-7-305-24671-5 | |
| 000 | 00971nam0 2200253 450 | |
| 001 | 011025152857 | |
| 005 | 20221025152857.0 | |
| 010 | @a978-7-305-24671-5@b精装@dCNY65.00 | |
| 100 | @a20201004d2022 em y0chiy0120 ea | |
| 101 | 1 | @achi@cger |
| 102 | @aCN@b320000 | |
| 105 | @aa z 000yb | |
| 106 | @ar | |
| 200 | 1 | @a策兰传@Ace lan chuan@dPaul Celan@f(德) 沃夫冈·埃梅里希著@g梁晶晶译@zger |
| 210 | @a南京@c南京大学出版社@d2022.01 | |
| 215 | @a248页@c图, 照片@d21cm | |
| 330 | @a本书共九章,内容包括:切尔诺维茨的少年时代,母亲的语言——凶手的语言,从安彻尔到策兰,“我们相爱如罂粟与记忆”,从“美的诗”到“灰色的语言”,“我是那个不存在的人”等。 | |
| 510 | 1 | @aPaul Celan@zeng |
| 606 | 0 | @a诗人@Ashi ren@x传记@y德国@z现代 |
| 610 | 0 | @a策兰(Paul Celan 1920-1970)@Ace lan (Paul Celan 1920-1970) |
| 690 | @aK835.165.6@v5 | |
| 701 | 0 | @c(德)@a埃梅里希@Aai mei li xi@4著 |
| 702 | 0 | @a梁晶晶@Aliang jing jing@4译 |
| 905 | @a河南城建学院图书馆@dK835.165.6@eW705 | |
| 策兰传=Paul Celan/(德) 沃夫冈·埃梅里希著/梁晶晶译.-南京:南京大学出版社,2022.01 |
| 248页:图, 照片;21cm |
| ISBN 978-7-305-24671-5(精装):CNY65.00 |
| 本书共九章,内容包括:切尔诺维茨的少年时代,母亲的语言——凶手的语言,从安彻尔到策兰,“我们相爱如罂粟与记忆”,从“美的诗”到“灰色的语言”,“我是那个不存在的人”等。 |
| ● |
| 相关链接 |
|
|
|
正题名:策兰传
索取号:K835.165.6/W705
 
预约/预借
| 序号 | 登录号 | 条形码 | 馆藏地/架位号 | 状态 | 备注 |
| 1 | 1586244 | 215862449 | 社科库309/309社科库 100排3列5层/ [索取号:K835.165.6/W705] | 在馆 | |
| 2 | 1586245 | 215862458 | 社科库309/309社科库 100排3列5层/ [索取号:K835.165.6/W705] | 在馆 |